The new European financial marketplace (Record no. 3764)
[ view plain ]
| 000 -LEADER | |
|---|---|
| fixed length control field | 02474nam a2200181 4500 |
| 020 ## - INTERNATIONAL STANDARD BOOK NUMBER | |
| ISBN | 9780582089365 |
| 050 ## - CALL NUMBER | |
| Classification number | HG925 |
| Item number | .N39 |
| 100 ## - AUTHOR | |
| Personal name | Alfred Steinherr |
| 245 ## - TITLE | |
| Title | The new European financial marketplace |
| Statement of responsibility, etc | Alfred Steinherr |
| 260 ## - PUBLICATION INFORMATION | |
| Place of publication | London : |
| Name of publisher | Longman, |
| Year of publication | 1992. |
| 300 ## - DESCRIPTION | |
| Number of Pages | ix, 298 pages ; |
| Dimensions | 24 cm |
| 500 ## - NOTES | |
| General note | Includes index |
| 505 ## - FORMATTED CONTENTS NOTE | |
| Table of Content | Ch. 1. Introduction and overview / Alfred Steinherr --<br/>Pt. 1. The Changing Scope for European Banking. Ch. 2. Economies of scale and scope in national and global banking markets / Ugur Muldur. Ch. 3. Universal banking in the integrated European marketplace / Alfred Steinherr and Christian Huveneers. Ch. 4. Regulation and financial market integration / Patrick Van Cayseele. Ch. 5. Mergers and acquisitions in banking / Jack Revell. Ch. 6. Competition between banks and insurance companies --<br/>the challenge of bancassurance / Geoffrey Nicholson --<br/>Pt. 2. Towards Pan-European Capital Markets. Ch. 7. Ten years of innovation in Europe: development of markets and change in financial behaviour / Christophe Belhomme, Claude Dupuy, Nada Matta and Raoul Salomon. Ch. 8. Monetary integration versus financial market integration / G. Majnoni, S. Rebecchini and C. Santini. Ch. 9. Capital adequacy and European securities markets / Richard S. Dale --<br/>Pt. 3. Financial Intermediation and Economic Growth. Ch. 10. Financial innovation, regulation and investment: international aspects / Jose Vinals, Angel Berges and Francisco J. Valero. Ch. 11. Savings, financial innovations and growth / M. Aglietta. Ch. 12. The allocation of savings in a liberalised European capital market / Jorgen Mortensen. Ch. 13. International trade in banking services: a conceptual framework / Sydney J. Key and Hal S. Scott --<br/>Pt. 4. Banking and Finance in Eastern Europe. Ch. 14. The role of finance in the restructuring of Eastern Europe / T. M. Rybczynski. Ch. 15. The role of multilateral lenders in the reform process of Eastern European countries / Jacques Girard. Ch. 16. Outlook for finance and banking in Central and Eastern Europe: strategic imperatives and foreign capital / James T. Larkin. Ch. 17. Dresdner Bank's strategy in the former German Democratic Republic / Hartmut Amberger. |
| 650 ## - SUBJECTS | |
| Topical Term | Banks and banking -- European Economic Community countries. |
| 650 ## - SUBJECTS | |
| Topical Term | Capital market -- |
| General subdivision | European Economic Community countries. |
| 650 ## - SUBJECTS | |
| Topical Term | Banks and banking -- |
| General subdivision | Europe, Eastern. |
| 942 ## - ADDED ENTRY ELEMENTS (KOHA) | |
| Koha item type | Books |
| Withdrawn status | Lost status | Collection code | Home library | Current library | Shelving location | Date acquired | Full call number | Accession Number | Koha item type |
|---|---|---|---|---|---|---|---|---|---|
| Reference | Methodist University Library Main | Methodist University Library Main | General Stacks | 24/05/2014 | HG925 .N39 | 39417 | Books |